01321Cam#a22003375a#4500003000900000005001700009008004100026020001800067040001800085041001300103044000700116080000900123092002100132100003900153245008300192250001200275260004800287300004000335504031500375650002300690650001300713650001300726700003200739908000800771930001000779942001300789945002000802980004300822999001700865952010100882AR-RoUNA20251013083705.0140529s1986||||a ||||f |||| 0|spa d a9789507222924 aAR-RoUNAbspa aspahspa asp a7.02 lK 16c7.02sSala1 aKandinsky, Vassilyd1866-194496541 aPunto y linea sobre el plano /cVassili Kandinsky; traducido por Melina Trento a1a. ed. aBuenos Aires, Argentina :bAndromeda,c2007 a189 p. :bgráficosbil.c20x13 cm0 aWassily Kandinsky se le conoce también como Vasili porque es una transcripción del nombre ruso al español, donde "Vasili" es la forma castellanizada de su nombre propio, a diferencia de la forma en inglés o alemán "Wassily" o "Wassili" que también se usa frecuentemente para referirse al artista.. 4 aArte contemporaneo4 aPinturas4 aTecnicas aTrento, Melianaetra927451 aImp e12246 2udccLIB aMIAd2018-12-20 61aMaricel Allasia85gMaría Machado c12133d12133 00102cdu405070aAR-RoUNAbAR-RoUNAcSalad2025-09-22eDonl2o7.02 K16p18382tej. 2yLIBx